LEADER 04158oam 2201129 450 001 9910824365903321 005 20230317212103.0 010 $a1-61711-3 010 $a1-61711-8 010 $a9781617118036 035 $a(CKB)3710000000095456 035 $a(EBL)3404767 035 $a(SSID)ssj0001135893 035 $a(PQKBManifestationID)12482052 035 $a(PQKBTitleCode)TC0001135893 035 $a(PQKBWorkID)11101666 035 $a(PQKB)10868427 035 $a(MiAaPQ)EBC3404767 035 $a(EXLCZ)993710000000095456 100 $a20151005h20082008 ug 0 101 0 $aeng 135 $aur|n||||||||| 181 $ctxt$2rdacontent 182 $cc$2rdamedia 183 $acr$2rdacarrier 200 10$aBringing evidence into everyday practice $epractical strategies for healthcare professionals /$fWinnie Dunn 210 $aThorofare, NJ $cSLACK Incorporated$d[2008] 210 4$dİ2008 215 $a1 online resource ( xxiii, 348 pages) $cillustrations, forms 311 $a1-55642- 311 08$aPrint version 9781556428210 (pbk.) 1556428219 (pbk.) 311 08$a9781617113901 320 $aIncludes bibliographical references and index. 327 $aIntroduction to evidence-based practice -- Characterizing responses to evidence -- Understanding and using the basic parts of research articles -- Examining evidence related to assistive devices -- Examining evidence related to use of compensatory strategies to enhance participation -- Examining evidence related to caregiving -- Examining evidence related to applying sensory processing knowledge in context -- Examining evidence related to constraint-induced therapy interventions -- Examining evidence related to diet and exercise -- Understanding summary and meta-analysis articles -- Examining evidence related to emerging and controversial practices -- Creating evidence within your own practice. 606 $aEvidence-based medicine 606 $aInvestigative Techniques 606 $aScience 606 $aClinical Medicine 606 $aEpidemiologic Research Design 606 $aResearch Design 606 $aEvidence-Based Practice 606 $aPublications 606 $aEpidemiologic Methods 606 $aCommunications Media 606 $aMedicine 606 $aHealth Care Evaluation Mechanisms 606 $aNatural Science Disciplines 606 $aHealth Occupations 606 $aQuality of Health Care 606 $aOccupations 606 $aPublic Health 606 $aInformation Science 606 $aHealth Care Quality, Access, and Evaluation 606 $aEnvironment and Public Health 606 $aHealth Care 606 $aMeta-Analysis as Topic 606 $aResearch 606 $aEvidence-Based Medicine 606 $aMethods 606 $aReview Literature as Topic 606 $aEvidence-based medicine 615 0$aEvidence-based medicine. 615 2$aInvestigative Techniques 615 2$aScience 615 2$aClinical Medicine 615 2$aEpidemiologic Research Design 615 2$aResearch Design 615 2$aEvidence-Based Practice 615 2$aPublications 615 2$aEpidemiologic Methods 615 2$aCommunications Media 615 2$aMedicine 615 2$aHealth Care Evaluation Mechanisms 615 2$aNatural Science Disciplines 615 2$aHealth Occupations 615 2$aQuality of Health Care 615 2$aOccupations 615 2$aPublic Health 615 2$aInformation Science 615 2$aHealth Care Quality, Access, and Evaluation 615 2$aEnvironment and Public Health 615 2$aHealth Care 615 2$aMeta-Analysis as Topic 615 2$aResearch 615 2$aEvidence-Based Medicine 615 2$aMethods 615 2$aReview Literature as Topic 615 4$aEvidence-based medicine. 676 $a610 700 $aDunn$b Winnie$f1950-$01616477 801 0$bAU-PeEL 801 1$bAU-PeEL 801 2$bAU-PeEL 906 $aBOOK 912 $a9910824365903321 996 $aBringing evidence into everyday practice$94014297 997 $aUNINA LEADER 03834nam 2200589 a 450 001 9910954159003321 005 20251117091541.0 010 $a9786613314833 010 $a9781283314831 010 $a1283314835 010 $a9789027285010 010 $a9027285012 024 7 $a10.1075/bct.32 035 $a(Au-PeEL)EBL786924 035 $a(CaPaEBR)ebr10505826 035 $a(CaONFJC)MIL331483 035 $a(OCoLC)758334087 035 $a(CKB)2550000000057576 035 $a(MiAaPQ)EBC786924 035 $a(DE-B1597)720968 035 $a(DE-B1597)9789027285010 035 $a(EXLCZ)992550000000057576 100 $a20110627d2011 uy 0 101 0 $aeng 135 $aur|n|---||||| 181 $ctxt$2rdacontent 182 $cc$2rdamedia 183 $acr$2rdacarrier 200 00$aIdentity and status in the translational professions /$fedited by Rakefet Sela-Sheff, Miriam Shlesinger 205 $a1st ed. 210 $aAmsterdam ;$aPhiladelphia $cJ. Benjamins Pub.$d2011 215 $a1 online resource (xiii, 282 p.) $cill 225 1 $aBenjamins current topics ;$vv. 32 311 08$a9789027202512 311 08$a9027202516 320 $aIncludes bibliographical references and index. 327 $aIntroduction -- Legal and translational occupations in Spain -- Effectiveness of translator certification as a signaling device -- Conference interpreting -- Occupation or profession -- Attitudes to role, status and professional identity in interpreters and translators with Chinese in Shanghai and Taipei -- Conference interpreters and their self-representation -- Habitus and self-image of native literary author-translators in diglossic societies -- The people behind the words -- Revised translations, revised identities -- Conference interpreters and their perception of culture -- Images of the court interpreter -- A professional ideology in the making -- ?Boundary work? as a concept for studying professionalization processes in the interpreting field -- The task of the interpreter in the struggle of the other for empowerment -- Index. 330 $aThis volume contributes to the emerging research on the social formation of translators and interpreters as specific occupational groups. Despite the rising academic interest in sociological perspectives in Translation Studies, relatively little research has so far been devoted to translators' social background, status struggles and sense of self. The articles assembled here zoom in on the "groups of individuals" who perform the complex translating and/or interpreting tasks, thereby creating their own space of cultural production. Cutting across varied translatorial and geographical arenas, they reflect a view of the interrelatedness between the macro-level question of professional status and micro-level aspects of practitioners? identity. Addressing central theoretical issues relating to translators? habitus and role perception, as well as methodological challenges of using qualitative and quantitative measures, this endeavor also contributes to the critical discourse on translators? agency and ethics and to questions of reformulating their social role. The contributions to this volume were originally published in Translation and Interpreting Studies 4:2 (2009) and 5:1 (2010). 410 0$aBenjamins current topics ;$vv. 32. 606 $aTranslating and interpreting 615 0$aTranslating and interpreting. 676 $a418/.02 686 $aES 700$qSEPA$2rvk 701 $aSela-Sheffy$b Rakefet$f1954-$01800329 701 $aShlesinger$b Miriam$f1947-2012.$01861099 801 0$bMiAaPQ 801 1$bMiAaPQ 801 2$bMiAaPQ 906 $aBOOK 912 $a9910954159003321 996 $aIdentity and status in the translational professions$94470267 997 $aUNINA